Котельный агрегат П-67 "Березовская ГРЭС"; Энергетика, электромеханика и энергоэффективные технологии глазами молодежи; Т. 2

Λεπτομέρειες βιβλιογραφικής εγγραφής
Parent link:Энергетика, электромеханика и энергоэффективные технологии глазами молодежи: материалы IV российской молодежной научной школы-конференции, 1-3 ноября 2016 г., Томск/ Национальный исследовательский Томский политехнический университет (ТПУ).— , 2016
Т. 2.— 2016.— [С. 152-154]
Κύριος συγγραφέας: Осипова У. Д.
Συγγραφή απο Οργανισμό/Αρχή: Национальный исследовательский Томский политехнический университет (ТПУ)
Περίληψη:Заглавие с титульного экрана
Γλώσσα:Ρωσικά
Έκδοση: 2016
Σειρά:Эффективная энергетика
Θέματα:
Διαθέσιμο Online:http://earchive.tpu.ru/handle/11683/33805
Μορφή: MixedMaterials Ηλεκτρονική πηγή Κεφάλαιο βιβλίου
KOHA link:https://koha.lib.tpu.ru/cgi-bin/koha/opac-detail.pl?biblionumber=621036

MARC

LEADER 00000naa2a2200000 4500
001 621036
005 20231101133136.0
035 |a (RuTPU)RU\TPU\conf\19592 
035 |a RU\TPU\conf\19585 
090 |a 621036 
100 |a 20161118d2016 k y0rusy50 ca 
101 0 |a rus  |e rus 
102 |a RU 
105 |a y z 101zy 
135 |a drcn ---uucaa 
181 0 |a i  
182 0 |a b 
200 1 |a Котельный агрегат П-67 "Березовская ГРЭС"  |f У. Д. Осипова 
203 |a Текст  |c электронный 
225 1 |a Эффективная энергетика 
230 |a 1 компьютерный файл (pdf; 351 Kb) 
300 |a Заглавие с титульного экрана 
320 |a [Библиогр.: с. 154 (3 назв.)] 
461 1 |0 (RuTPU)RU\TPU\conf\19553  |t Энергетика, электромеханика и энергоэффективные технологии глазами молодежи  |o материалы IV российской молодежной научной школы-конференции, 1-3 ноября 2016 г., Томск  |o в 2 т.  |f Национальный исследовательский Томский политехнический университет (ТПУ)  |d 2016 
463 0 |0 (RuTPU)RU\TPU\conf\19555  |t Т. 2  |v [С. 152-154]  |d 2016 
610 1 |a труды учёных ТПУ 
610 1 |a электронный ресурс 
610 1 |a котельные агрегаты 
610 1 |a Березовская ГРЭС 
610 1 |a котлоагрегаты 
610 1 |a паровые котлы 
700 1 |a Осипова  |b У. Д. 
712 0 2 |a Национальный исследовательский Томский политехнический университет (ТПУ)  |c (2009- )  |2 stltpush  |3 (RuTPU)RU\TPU\col\15902 
801 2 |a RU  |b 63413507  |c 20161125  |g RCR 
856 4 |u http://earchive.tpu.ru/handle/11683/33805 
942 |c BK